000 nam a22 a 4500
999 _c1943
_d1943
003 AKMAL
005 20170512142034.0
008 170512s1998 my l 00 eng d
020 _a9679621367:
_cRM 990.00
040 _aAKMAL
_cAKMAL
049 0 0 _amal
082 0 4 _a345.59502 MAL
090 0 0 _a345.59502
_bMAL
245 0 0 _aMallal's criminal procedure
250 _a5th ed.
260 _aKuala Lumpur :
_bMalayan Law Journal,
_c1998
300 0 0 _a1 v. (various pagings) ;
_c26cm
500 _aIncludes index
650 0 _aCriminal procedure
_zMalaysia
_93883
650 0 _aCourt rules
_zMalaysia
_93920
942 _2ddc
_cBOOK